• 首页
  • 本馆介绍
  • 公告通知
  • 最新文献
  • 馆藏检索
  • 电子资源
  • 读者导购
  • 参考咨询
  • 我的图书馆
  • 登录
  • 详细信息显示
  • 放入我的书架
  • 预约/预借图书
  • 作者相关作品
  • 分类相关作品
  • 丛书相关作品
  • 出版社相关作品

书目信息

  • 表格格式
  • 工作单格式
  • 卡片格式
题名:
农药环境化学
    
 
作者: 刘维屏 著
分册:  
出版信息: 北京   化学工业出版社  2006
页数: 453页
开本: 25cm
丛书名:
单 册:
中图分类: X592
科图分类:
主题词: 农药污染--环境化学 , 农药污染 , 环境化学
电子资源:
ISBN: 7-5025-7789-0
000 01063nam0 2200277 450
001 012007794286
005 20070523084507.71
010    @a7-5025-7789-0@b精装@dCNY68.00
100    @a20070516d2006 km y0chiy0120 ea
101 0  @achi
102    @aCN@b110000
105    @ay z 001yy
106    @ar
200 1  @a农药环境化学@Anong yao huan jing hua xue@f刘维屏著@Fliu wei ping zhu
210    @a北京@c化学工业出版社@d2006
215    @a453页@d25cm
300    @a国家自然科学基金研究成果专著“十五”国家重点图书国家重大基础研究“973”项目国家自然科学基金杰出青年基金等项目
330    @a本书从化学热力学和化学动力学的基本理论及农药环境样品的近代分析实验技术出发,抓住农药环境污染的特点,对农药在土壤环境中的滞留、迁移,农药在环境中的水解和光降解,农药环境生物化学与毒理学等方面的研究进行了全面的介绍与讨论。
510 1  @aPesticide environmental chemistry@zeng
606 0  @a农药污染@x环境化学
606 0  @a农药污染
606 0  @a环境化学
690    @aX592@v4
701  0 @a刘维屏@Aliu wei ping@4著
801  0 @aCN@bRULIN@c20070523
905    @dX592@e54@s8
    
    农药环境化学/刘维屏著.-北京:化学工业出版社,2006
    453页;25cm
    国家自然科学基金研究成果专著“十五”国家重点图书国家重大基础研究“973”项目国家自然科学基金杰出青年基金等项目
    
    ISBN 7-5025-7789-0(精装):CNY68.00
    本书从化学热力学和化学动力学的基本理论及农药环境样品的近代分析实验技术出发,抓住农药环境污染的特点,对农药在土壤环境中的滞留、迁移,农药在环境中的水解和光降解,农药环境生物化学与毒理学等方面的研究进行了全面的介绍与讨论。
●
相关链接 在E读中查询图书 在五车中查询图书 在当当中查询图书 在豆瓣中查询图书


正题名:农药环境化学     索取号:X592/54         预约/预借

序号 登录号 条形码 馆藏地/架位号 状态 备注
1 0577036   205770361   第二样本阅览室/ [索取号:X592/54] 在馆    
2 0577037   205770370   第三借阅区/ [索取号:X592/54] 在馆    
3 0577038   205770389   第三借阅区/ [索取号:X592/54] 在馆    
4 0577039   205770398   第三借阅区/ [索取号:X592/54] 在馆    
5 0577040   205770405   第三借阅区/ [索取号:X592/54] 在馆    
6 0577041   205770414   第三借阅区/ [索取号:X592/54] 在馆    
7 0577042   205770423   第三借阅区/ [索取号:X592/54] 在馆    
8 0577043   205770432   第三借阅区/ [索取号:X592/54] 在馆    
唐山师范学院图书馆 欢迎您!
大连网信软件有限公司© 版权所有